000 nam a22 7a 4500
999 _c127564
_d127564
008 180301b xxu||||| |||| 00| 0 eng d
020 _a9781779223180
050 _aHQ1210.5.Z55 C44
100 _aChenaux-Repond, Maia
_920259
245 _aLeading from behind
_bwomen in community development in Rhodesia, 1973-1979
_cMaia Chenaux-Repond
260 _aHarare
_bWeaver Press
_c2017
300 _axviii, 457p.;
_c24cm.
600 _aChenaux-Repond, Maia
_920259
650 _aWomen in community development
_xBiography
_zZimbabwe
_939952
942 _2lcc
_cMONOGRAPH